| 000 | 00446nam a2200145 a 4500 | ||
|---|---|---|---|
| 001 | 000022155 | ||
| 005 | 20200930011615.0 | ||
| 008 | 100917s1976 dr 001 0 spa d | ||
| 040 |
_aDO-SdBNP _bspa _cBNPHU |
||
| 100 | 1 |
_aGoico Castro, Manuel de Jesus _923255 |
|
| 245 | 1 | 0 |
_aSemblanza del Cardenal Beras Rojas / _cManuel de Jesus Gico Castro. |
| 260 |
_aSanto Domingo : _bImprenta Compostela, _c1976. |
||
| 300 |
_a28 p. ; _c15 cm. |
||
| 049 | _aBNPD | ||
| 999 |
_c21653 _d21653 |
||